How to design electrical systems : a complete manual on practical design and layout of electrical systems for power, light, heat, signals, and communications in commercial, industrial, and residential buildings (Record no. 65503)
[ view plain ]
| 000 -LEADER | |
|---|---|
| fixed length control field | 00617nam a22001697a 4500 |
| 003 - CONTROL NUMBER IDENTIFIER | |
| control field | NUST - PNEC |
| 005 - DATE AND TIME OF LATEST TRANSACTION | |
| control field | 20170116180918.0 |
| 008 - FIXED-LENGTH DATA ELEMENTS--GENERAL INFORMATION | |
| fixed length control field | 150904b xxu||||| |||| 00| 0 eng d |
| 020 ## - INTERNATIONAL STANDARD BOOK NUMBER | |
| International Standard Book Number | - |
| 040 ## - CATALOGING SOURCE | |
| Transcribing agency | LIBRARY |
| 082 ## - DEWEY DECIMAL CLASSIFICATION NUMBER | |
| Classification number | 621.3 MCP |
| 100 ## - MAIN ENTRY--PERSONAL NAME | |
| 9 (RLIN) | 7529 |
| Personal name | McPartland, Joseph F. |
| 245 ## - TITLE STATEMENT | |
| Title | How to design electrical systems : a complete manual on practical design and layout of electrical systems for power, light, heat, signals, and communications in commercial, industrial, and residential buildings |
| Statement of responsibility, etc. | Joseph F. McPartland |
| 260 ## - PUBLICATION, DISTRIBUTION, ETC. | |
| Date of publication, distribution, etc. | c.1968 |
| 650 ## - SUBJECT ADDED ENTRY--TOPICAL TERM | |
| 9 (RLIN) | 7530 |
| Topical term or geographic name entry element | Electrical engineering |
| General subdivision | EE |
| 942 ## - ADDED ENTRY ELEMENTS (KOHA) | |
| Source of classification or shelving scheme | |
| Koha item type | Book |
| Withdrawn status | Lost status | Source of classification or shelving scheme | Damaged status | Not for loan | Permanent Location | Current Location | Shelving location | Date acquired | Total Checkouts | Full call number | Barcode | Date last seen | Price effective from | Koha item type |
|---|---|---|---|---|---|---|---|---|---|---|---|---|---|---|
| Pakistan Navy Engineering College (PNEC) | Pakistan Navy Engineering College (PNEC) | 621.3 MCP | PNECLIB-005177 | 09/04/2015 | Book | |||||||||
| Pakistan Navy Engineering College (PNEC) | Pakistan Navy Engineering College (PNEC) | 621.3 MCP | PNECLIB-005175 | 09/05/2015 | Book | |||||||||
| Pakistan Navy Engineering College (PNEC) | Pakistan Navy Engineering College (PNEC) | 621.3 MCP | PNECLIB-005174 | 09/05/2015 | Book | |||||||||
| Pakistan Navy Engineering College (PNEC) | Pakistan Navy Engineering College (PNEC) | 621.3 MCP | PNECLIB-004978 | 09/05/2015 | Book | |||||||||
| Pakistan Navy Engineering College (PNEC) | Pakistan Navy Engineering College (PNEC) | 621.3 MCP | PNECLIB-004976 | 09/05/2015 | Book | |||||||||
| Pakistan Navy Engineering College (PNEC) | Pakistan Navy Engineering College (PNEC) | 621.3 MCP | PNECLIB-005176 | 09/05/2015 | Book |
